| 000 | 00594nam a22002057a 4500 | ||
|---|---|---|---|
| 999 |
_c6258 _d6258 |
||
| 003 | OSt | ||
| 005 | 20190828092049.0 | ||
| 008 | 190828b ||||| |||| 00| 0 eng d | ||
| 020 | _a9789350903025 | ||
| 040 | _cDNLM | ||
| 082 | _aQS130 K89d 2013 | ||
| 100 |
_aKrishnamurti, A.; Gunasegaran, J.P. _912869 |
||
| 245 | _aDissection of the Human Body:designed for restructured medical curriculum | ||
| 260 |
_aNew Delhi; _bJaypee, _c2013 |
||
| 300 |
_axxvi,343p; _bcol.ill: _c27cm |
||
| 504 | _aIndex included | ||
| 650 |
_aDissectional anatomy _912870 |
||
| 650 | _2Human body | ||
| 942 |
_2z _cBOOK |
||